IFM Opac

Bank finance and green revolution in India (Record no. 1159)

MARC details
000 -LEADER
fixed length control field 00368nam a2200133Ia 4500
082 ## - DEWEY DECIMAL CLASSIFICATION NUMBER
Classification number 332.31 JHA
100 ## - MAIN ENTRY--PERSONAL NAME
Personal name Jha, Nand Kishore
9 (RLIN) 2423
245 ## - TITLE STATEMENT
Title Bank finance and green revolution in India
260 ## - PUBLICATION, DISTRIBUTION, ETC.
Place of publication, distribution, etc. Delhi
Date of publication, distribution, etc. 1985
Name of publisher, distributor, etc. Amar Prakashan
300 ## - PHYSICAL DESCRIPTION
Extent xi, 358p. :ill. ;22cm.
500 ## - GENERAL NOTE
General note Bibliography details
650 ## - SUBJECT ADDED ENTRY--TOPICAL TERM
Topical term or geographic name entry element gricultural credit - India
9 (RLIN) 2424
942 ## - ADDED ENTRY ELEMENTS (KOHA)
Koha item type Books
Holdings
Withdrawn status Lost status Damaged status Not for loan Collection code Home library Current library Shelving location Date acquired Total Checkouts Full call number Barcode Date last seen Price effective from Koha item type
        Non-fiction IFM Main Campus Library IFM Main Campus Library Archival Collection 09/10/2021   332.31 JHA 0000000739 05/15/2015 02/19/2022 Books
        Non-fiction IFM Main Campus Library IFM Main Campus Library Archival Collection 09/10/2021   332.31 JHA 0000000741 10/26/2015 02/19/2022 Books
        Non-fiction IFM Main Campus Library IFM Main Campus Library Archival Collection 09/10/2021   332.31 JHA 0000000740 10/26/2015 02/19/2022 Books